000 01196nam a22002777a 4500
003 OSt
005 20250410084858.0
008 240912b ||||| |||| 00| 0 eng d
040 _c0
082 _aDPer 621.317 Ie21 December 2022 v.37 n. 12 part 1&2.
100 _aQiu, Xianqun.
_eauthor.
_960849
245 _aA modified flux observer for sensorless direct torque control of dual three-phase pmsm considering open-circuit fault /
_cXianqun Qiu, Jinghua Ji, Dao Zhou, Wenxiang Zhao, Yiafan Chen, and Linsen Huang.
260 _aNew York ;
_bThe Institute of Electrical and Electronics Engineers, Inc.,
_cDecember 2022.
300 _avolume 37, pages 15356-15369,
_billustration.
500 _aIEEE Transactions on Power Electronics, v. 37 n. 12, pages 15356-15369, December 2022.
650 0 _adual three-phase motor.
_966261
650 0 _afault-tolerant.
_966262
650 0 _aflux observer.
_966263
700 _aQiu, Xianqun.
_eauthor.
_960849
700 _aJi, Jinghua.
_eauthor
_960850
700 _aZhou, Dao.
_eauthor
_960851
700 _aZhao, Wenxiang.
_eauthor
_960852
700 _aChen, Yiafan.
_eauthor
_960853
700 _aHuang, Linsen.
_eauthor.
_960854
942 _2ddc
_cPER
999 _c21562
_d21562